• 首页
  • 本馆介绍
  • 公告通知
  • 最新文献
  • 馆藏检索
  • 电子资源
  • 读者导购
  • 参考咨询
  • 我的图书馆
  • 登录
  • 详细信息显示
  • 放入我的书架
  • 预约/预借图书
  • 作者相关作品
  • 分类相关作品
  • 丛书相关作品
  • 出版社相关作品

书目信息

  • 表格格式
  • 工作单格式
  • 卡片格式
题名:
2012全国硕士研究生入学考试心理学统考重难点手册
    
 
作者: 笔为剑 编著
分册:  
出版信息: 北京   世界图书出版公司北京公司  2011
页数: 530页
开本: 26cm
丛书名:
单 册:
中图分类: B84
科图分类:
主题词: 心理学--硕士生--入学考试--自学参考资料 , 心理学
电子资源:
ISBN: 978-7-5100-3805-1
000 01232nam0 2200289 45
001 1354486264
005 20130510101734.03
010    @a978-7-5100-3805-1@dCNY65.00
100    @a20130108d2011 em y0chiy50 ea
101 0  @achi
102    @aCN@b110000
105    @aa z 000yy
106    @ar
200 1  @a2012全国硕士研究生入学考试心理学统考重难点手册@A2012 Quan Guo Shuo Shi Yan Jiu Sheng Ru Xue Kao Shi Xin Li Xue Tong Kao Zhong Nan Dian Shou Ce@f笔为剑[等]编著@FBi Wei Jian [ Deng ] Bian Zhu
210    @a北京@c世界图书出版公司北京公司@d2011
215    @a530页@c图@d26cm@e1合集 (32页)
304    @a编著还有:爬爬、Psyedu、司马紫衣
307    @a附件:《得道者无敌——心理学考研经验合集》
312    @a封面英文题名:Handbook of psychology core concepts for postgraduate entrance examination
330    @a本书共七部分,主要内容有:心理学导论、发展心理学、教育心理学、实验心理学、心理统计学、真题解析等。
510 1  @aHandbook of psychology core concepts for postgraduate entrance examination@zeng
606 0  @a心理学@x硕士生@x入学考试@j自学参考资料
606 0  @a心理学
690    @aB84@v5
701  0 @a笔为剑@ABi Wei Jian@g(心理学)@4编著
801    @aCN@bTANGWEI@c20130109
905    @b0830225-28@dB84@e1110@f4
    
    2012全国硕士研究生入学考试心理学统考重难点手册/笔为剑[等]编著.-北京:世界图书出版公司北京公司,2011
    530页:图;26cm+1合集 (32页)
    
    
    ISBN 978-7-5100-3805-1:CNY65.00
    本书共七部分,主要内容有:心理学导论、发展心理学、教育心理学、实验心理学、心理统计学、真题解析等。
●
相关链接 在E读中查询图书 在五车中查询图书 在当当中查询图书 在豆瓣中查询图书


正题名:2012全国硕士研究生入学考试心理学统考重难点手册     索取号:B84/1110         预约/预借

序号 登录号 条形码 馆藏地/架位号 状态 备注
1 0830225   208302255   第一样本阅览室/ [索取号:B84/1110] 在馆    
2 0830226   208302264   教育系资料室/ [索取号:B84/1110] 在馆    
3 0830227   208302273   第一借阅区/ [索取号:B84/1110] 在馆    
4 0830228   208302282   教育系资料室/ [索取号:B84/1110] 在馆    
唐山师范学院图书馆 欢迎您!
大连网信软件有限公司© 版权所有